Description de drapeaux de pays #2 - Statistiques

Statistiques générales
  • Ce quiz a été pris 58 fois
  • Le résultat moyen est 12 sur 20
Statistiques - réponses
Description du drapeau Pays % Correct
Un rond rouge sur un fond blanc Japon
100%
Le drapeau de pays avec le plus d'étoiles États-Unis
98%
Un rond rouge sur un fond vert Bangladesh
87%
Un rond jaune sur un fond bleu Palaos
79%
Souvent confondu avec le drapeau du Qatar Bahreïn
74%
C'est le drapeau des Pays-Bas mais avec des couleurs plus claires Luxembourg
74%
5 bandes de couleurs et de tailles différentes qui partent du coin inférieur gauche Seychelles
68%
On y aperçoit l'emblème de son pays, le cèdre Liban
66%
On y voit les clefs de Saint Pierre Vatican
66%
Vous obtenez son drapeau national si vous inversez le rouge et le bleu de celui de la Thaïlande (à des teintes près) Costa Rica
60%
Drapeau symétrique de celui de la Guinée (à des teintes près) Mali
55%
Un drapeau africain à trois bandes verticales dont la première et la troisième sont de la même couleur Nigeria
53%
Un lion doré tient une épée dans sa patte droite avant Sri Lanka
53%
Une croix blanche dans le coin supérieur gauche et des bandes bleues et blanches Grèce
51%
C'est l'unification des drapeaux de trois nations historiques Royaume-Uni
47%
On y aperçoit sur la gauche une fine bande verticale représentant un tissu traditionnel rouge et blanc Biélorussie
45%
De 1977 à 2011, son drapeau était tout simplement vert Libye
36%
Deux bandes horizontales blanche et rouge ainsi qu'un carré bleu avec une étoile blanche dans le coin supérieur gauche Chili
28%
La partie centrale est un aigle surmonté d'un soleil sur un fond uni bleu Kazakhstan
28%
Quand on parle de pays, il est surnommé le drapeau arc-en-ciel Afrique du Sud
23%
Aucun quiz correspondant
Distribution des résultats
% des personnes avec chaque résultat
Percentile par nombre de réponses
Votre historique - résultats
Vous n’avez pas pris ce quiz